The sound patterns of syntax / (رقم التسجيلة. 19719)
[ عرض عادي ]
| 000 -الفاتح | |
|---|---|
| حقل البيانات ثابتة الطول | 01712cam a2200433 a 4500 |
| 001 - رقم الضبط | |
| رقم الضبط | 16138003 |
| 003 - محدد رقم الضبط | |
| رقم الضبط | OSt |
| 005 - وقت وتاريخ اخر تعامل مع التسجيلة | |
| رقم الضبط | 20150408113958.0 |
| 008 - عناصر البيانات ثابتة الطول - معلومات عامة | |
| حقل البيانات ثابتة الطول | 100316s2010 enka b 001 0 eng d |
| 010 ## - رقم ضبط مكتبة الكونجرس | |
| رقم ضبط مكتبة الكونجرس | 2010277719 |
| 015 ## - رقم الببليوجرافية الوطنية | |
| رقم الببليوجرافية الوطنية | GBA9A1571 |
| المصدر | bnb |
| 016 7# - رقم ضبط الوكاله الوطنية للضبط الببليوجرافي | |
| رقم ضبط التسجيلة | 015396898 |
| المصدر | Uk |
| 020 ## - الرقم الدولى المعيارى للكتب | |
| الرقم الدولى المعيارى للكتاب | 9780199556861 |
| 020 ## - الرقم الدولى المعيارى للكتب | |
| الرقم الدولى المعيارى للكتاب | 0199556865 |
| 020 ## - الرقم الدولى المعيارى للكتب | |
| الرقم الدولى المعيارى للكتاب | 9780199556878 (pbk.) |
| 020 ## - الرقم الدولى المعيارى للكتب | |
| الرقم الدولى المعيارى للكتاب | 0199556873 (pbk.) |
| 035 ## - رقم ضبط النظام | |
| رقم ضبط النظام | (OCoLC)ocn437305859 |
| 040 ## - مصدر الفهرسة | |
| وكالة الفهرسة الأصلية | UKM |
| وكالة النسخ | UKM |
| وكالة التعديل | BTCTA |
| -- | BWKUK |
| -- | BWK |
| -- | YDXCP |
| -- | DLC |
| 042 ## - رمز التحقق | |
| رمز التحقق | lccopycat |
| 050 00 - رقم طلب مكتبة الكونجرس | |
| رقم التصنيف | P291 |
| رقم المادة | .S545 2010 |
| 082 04 - رقم تصنيف ديوى العشرى | |
| رقم التصنيف | 425 S O P |
| رقم الطبعة | 22 |
| 245 04 - بيان العنوان | |
| العنوان | The sound patterns of syntax / |
| بيان المسئوليه,etc | edited by Nomi Erteschik-Shir and Lisa Rochman. |
| 260 ## - PUBLICATION, DISTRIBUTION, ETC. (IMPRINT) | |
| مكان الناشر او الموزع | Oxford ; |
| -- | New York : |
| اسم الناشر او الموزع | Oxford University Press, |
| تاريخ النشر أو التوزيع | c2010. |
| 300 ## - الوصف المادى | |
| التعداد | xi, 385 p. : |
| تفاصيل ماديه اخرى للوعاء | ill. ; |
| أبعاد الوعاء | 24 cm. |
| 490 0# - بيان السلسلة | |
| عنوان السلسلة | Oxford linguistics |
| 490 0# - بيان السلسلة | |
| عنوان السلسلة | Oxford studies in theoretical linguistics; |
| رقم المجلد/ التعيين التسلسلي | 29 |
| 500 ## - تبصرة عامة | |
| تبصرة عامة | "OSTL 29"--Spine. |
| 504 ## - تبصرة ببليوجرافية | |
| تبصرة ببليوجرافية,الخ | Includes bibliographical references (p. [352]-378) and indexes. |
| 650 #0 - المدخل الاضافى بالموضوع-مصطلح موضوعى | |
| مصطلح موضوعي أو اسم جغرافي كعنصر مدخل | Grammar, Comparative and general |
| التقسيم الفرعي العام | Syntax. |
| 650 #0 - المدخل الاضافى بالموضوع-مصطلح موضوعى | |
| مصطلح موضوعي أو اسم جغرافي كعنصر مدخل | Grammar, Comparative and general |
| التقسيم الفرعي العام | Phonology. |
| 9 (RLIN) | 4194 |
| 700 1# - المدخل الاضافى - اسم شخصى | |
| الإسم الشخصى | Erteschik-Shir, Nomi. |
| 9 (RLIN) | 8308 |
| 700 1# - المدخل الاضافى - اسم شخصى | |
| الإسم الشخصى | Rochman, Lisa. |
| 9 (RLIN) | 8309 |
| 856 42 - الوصول و الموقع الالكترونى | |
| مواد محددة | Contributor biographical information |
| معرف المصدر الموحد | <a href="http://www.loc.gov/catdir/enhancements/fy1008/2010277719-b.html">http://www.loc.gov/catdir/enhancements/fy1008/2010277719-b.html</a> |
| 856 42 - الوصول و الموقع الالكترونى | |
| مواد محددة | Publisher description |
| معرف المصدر الموحد | <a href="http://www.loc.gov/catdir/enhancements/fy1008/2010277719-d.html">http://www.loc.gov/catdir/enhancements/fy1008/2010277719-d.html</a> |
| 856 41 - الوصول و الموقع الالكترونى | |
| مواد محددة | Table of contents only |
| معرف المصدر الموحد | <a href="http://www.loc.gov/catdir/enhancements/fy1008/2010277719-t.html">http://www.loc.gov/catdir/enhancements/fy1008/2010277719-t.html</a> |
| 906 ## - عنصر بيانات محلى F, LDF (RLIN) | |
| a | 7 |
| b | cbc |
| c | copycat |
| d | 2 |
| e | ncip |
| f | 20 |
| g | y-gencatlg |
| 942 ## - عناصر المدخل الإضافي( كوها) | |
| مصدر التصنيف او مخطط الترفيف | Dewey Decimal Classification |
| Koha [default] item type | DVD |
| حالة الفقد | نموذج السعر الفعال | حالة تلف | ليس للاعارة | رقم الطلب | تاريخ الاكتساب | الموقع الحالي | الباركود | الفرع الرئيسي | Date last seen | نوع المادة فى نظام كوها | مصدر التصنيف او خطة الترفيف | Total Checkouts |
|---|---|---|---|---|---|---|---|---|---|---|---|---|
| 2013-03-10 | 425 S O P | 2012-12-26 | المكتبة المركزية بالمجمعة (CL) | 00400886 | المكتبة المركزية بالمجمعة (CL) | 2013-03-10 | كتاب | Dewey Decimal Classification | ||||
| 2013-03-10 | 425 S O P | 2012-12-26 | المكتبة المركزية بالمجمعة (CL) | 00400884 | المكتبة المركزية بالمجمعة (CL) | 2013-03-10 | كتاب | Dewey Decimal Classification | ||||
| 2013-03-10 | 425 S O P | 2012-12-26 | المكتبة المركزية بالمجمعة (CL) | 00400885 | المكتبة المركزية بالمجمعة (CL) | 2013-03-10 | كتاب | Dewey Decimal Classification | ||||
| 2013-03-10 | 425 S O P | 2011-12-14 | قسم الاجراءات الفنية (IC) | 00100556 | قسم الاجراءات الفنية (IC) | 2013-03-10 | كتاب | Dewey Decimal Classification | ||||
| 2013-03-10 | 425 S O P | 2011-12-14 | قسم الاجراءات الفنية (IC) | 00100555 | قسم الاجراءات الفنية (IC) | 2013-03-10 | كتاب | Dewey Decimal Classification | ||||
| 2013-03-10 | 425 S O P | 2011-12-15 | قسم الاجراءات الفنية (IC) | 00100325 | قسم الاجراءات الفنية (IC) | 2013-03-10 | كتاب | Dewey Decimal Classification | ||||
| 2013-03-10 | 425 S O P | 2011-12-15 | قسم الاجراءات الفنية (IC) | 00100324 | قسم الاجراءات الفنية (IC) | 2013-03-10 | كتاب | Dewey Decimal Classification |
